[Event "40. Open Ciudad de Sevilla 2015"]
[Site "Sevilla ESP"]
[Date "2015.01.25"]
[Round "2.8"]
[White "Espejo Hava, Francisco"]
[Black "Krysa, Leandro"]
[Result "0-1"]
[WhiteElo "1983"]
[BlackElo "2457"]
[PlyCount "78"]
[EventDate "2015.01.25"]
[EventType "swiss"]
[EventRounds "9"]
[EventCountry "ESP"]
[Source "lmi"]
[SourceDate "2015.01.25"]

1. e4 e5 2. Nf3 Nc6 3. Bb5 a6 4. Ba4 Nf6 5. Bxc6 dxc6 6. d3 Bd6 7. d4 Nxe4 8.
Qe2 Bf5 9. dxe5 Bb4+ 10. c3 Be7 11. O-O Nc5 12. Rd1 Qc8 13. Be3 O-O 14. Na3 Bg6
15. Nd4 Ne6 16. Nac2 c5 17. Nf3 Qe8 18. b3 Qc6 19. Rd2 Rad8 20. Rad1 Qe4 21.
Nce1 Nf4 22. Qf1 Rxd2 23. Rxd2 Nd5 24. Qd3 Rd8 25. Qxe4 Bxe4 26. Bg5 f6 27.
exf6 gxf6 28. Bh4 Nxc3 29. Rxd8+ Bxd8 30. Nd2 Bd5 31. Nd3 Nxa2 32. Nxc5 Nc1 33.
f4 Ne2+ 34. Kf2 Nxf4 35. Bg3 Ne6 36. Nd3 a5 37. Nc4 c6 38. Ndb2 b5 39. Nd2 Nd4
0-1

[Event "40. Open Ciudad de Sevilla 2015"]
[Site "Sevilla ESP"]
[Date "2015.01.25"]
[Round "2.9"]
[White "Campora Sivori, Daniel"]
[Black "Gimenez Iturralde, Daniel"]
[Result "1-0"]
[WhiteElo "2456"]
[BlackElo "1984"]
[PlyCount "97"]
[EventDate "2015.01.25"]
[EventType "swiss"]
[EventRounds "9"]
[EventCountry "ESP"]
[Source "lmi"]
[SourceDate "2015.01.25"]

1. e4 c5 2. Nf3 Nc6 3. Bb5 e6 4. Bxc6 dxc6 5. d3 Qc7 6. e5 Ne7 7. O-O Nf5 8.
Re1 Be7 9. Nbd2 b6 10. a4 a5 11. b3 b5 12. Re4 h5 13. h3 Bb7 14. Nf1 c4 15.
bxc4 c5 16. axb5 Bxe4 17. dxe4 Nh4 18. Bb2 Ng6 19. Ra4 h4 20. Qe1 Bd8 21. Bc3
Qa7 22. N1d2 Bb6 23. Nb3 Qc7 24. Nc1 O-O 25. Nd3 Rfd8 26. Qe3 Qe7 27. Nh2 Ra7
28. f4 Nf8 29. Ng4 Nh7 30. f5 Qg5 31. Bd2 Qxe3+ 32. Bxe3 Rc7 33. Kf2 Rdd7 34.
Ke2 Rd8 35. Nh2 exf5 36. exf5 Re8 37. Nf3 f6 38. e6 g6 39. Nf4 gxf5 40. Nxh4
Ng5 41. Nd5 Rxe6 42. Nxf5 Ne4 43. Kf3 Rb7 44. Nxb6 Rbxb6 45. Rxa5 Re5 46. Ra8+
Kf7 47. Ra7+ Kg6 48. Nh4+ Kh5 49. Rh7# 1-0

[Event "40. Open Ciudad de Sevilla 2015"]
[Site "Sevilla ESP"]
[Date "2015.01.25"]
[Round "2.10"]
[White "Muñoz Alonso, Jesus"]
[Black "Starostits, Ilmars"]
[Result "0-1"]
[WhiteElo "1977"]
[BlackElo "2441"]
[PlyCount "90"]
[EventDate "2015.01.25"]
[EventType "swiss"]
[EventRounds "9"]
[EventCountry "ESP"]
[Source "lmi"]
[SourceDate "2015.01.25"]

1. e4 c5 2. Nc3 Nc6 3. Bb5 Nd4 4. a4 a6 5. Bc4 e6 6. Nf3 Ne7 7. Nxd4 cxd4 8.
Ne2 d5 9. exd5 Nxd5 10. Nxd4 Nb6 11. Nxe6 Qe7 12. O-O Bxe6 13. Bxe6 fxe6 14.
Re1 O-O-O 15. Qg4 Rd6 16. b3 Qf6 17. Rb1 Qf5 18. Qe4 Qxe4 19. Rxe4 Nd5 20. Bb2
Rc6 21. c4 Nf6 22. Re2 Bb4 23. d4 Rd8 24. h3 b5 25. axb5 axb5 26. c5 Nd5 27.
Rc2 Ra6 28. Ra1 Rxa1+ 29. Bxa1 Kb7 30. Ra2 Rf8 31. Kh2 g6 32. Kg1 Nc7 33. Kf1
Kc6 34. Ra7 Ra8 35. Rxa8 Nxa8 36. Ke2 Nc7 37. Kd3 Kd5 38. f3 Na6 39. f4 Nb8 40.
g4 Nc6 41. Ke3 Ba5 42. f5 exf5 43. gxf5 gxf5 44. Kf4 Nxd4 45. c6 Bd2+ 0-1

[Event "40. Open Ciudad de Sevilla 2015"]
[Site "Sevilla ESP"]
[Date "2015.01.25"]
[Round "2.11"]
[White "Jimenez Morales, Miguel"]
[Black "Granero Roca, Antonio"]
[Result "0-1"]
[WhiteElo "1972"]
[BlackElo "2404"]
[PlyCount "151"]
[EventDate "2015.01.25"]
[EventType "swiss"]
[EventRounds "9"]
[EventCountry "ESP"]
[Source "lmi"]
[SourceDate "2015.01.25"]

1. e4 d6 2. d4 g6 3. Nc3 Bg7 4. Nf3 Nf6 5. Be2 O-O 6. O-O Bg4 7. Be3 Nfd7 8.
Qd2 c5 9. d5 Qa5 10. h3 Bxf3 11. Bxf3 Na6 12. a3 Nc7 13. Rfb1 Na6 14. Be2 Qd8
15. Bh6 Nc7 16. Bxg7 Kxg7 17. Nd1 Nf6 18. f3 Nh5 19. g4 Nf6 20. c4 e6 21. b4
exd5 22. cxd5 Nd7 23. Kg2 Qe7 24. Rc1 b6 25. Ne3 Rae8 26. Re1 Kg8 27. Nf1 Qf6
28. Rac1 Re7 29. Ng3 Qg7 30. f4 Ree8 31. Kf3 Kh8 32. Qc3 f6 33. h4 Rf7 34. h5
Kg8 35. hxg6 hxg6 36. Rh1 Kf8 37. b5 Ke7 38. a4 Rh8 39. a5 Rff8 40. axb6 axb6
41. g5 Qf7 42. Rxh8 Rxh8 43. gxf6+ Nxf6 44. Bc4 Rh3 45. Kg2 Rh4 46. e5 Nfe8 47.
exd6+ Nxd6 48. Qe5+ Kd7 49. Qe6+ Qxe6 50. dxe6+ Nxe6 51. Bxe6+ Kxe6 52. Re1+
Kd7 53. Kf3 Nxb5 54. Ne4 Nd4+ 55. Kg3 Nf5+ 56. Kf3 Kc6 57. Ng5 Kb5 58. Rb1+ Ka6
59. Ne6 Rh3+ 60. Kg2 Rd3 61. Nc7+ Kb7 62. Ne6 Kc6 63. Rh1 Rd2+ 64. Kh3 Rd6 65.
Ng5 c4 66. Nf7 Rd3+ 67. Kg2 Rd4 68. Kf3 Rd3+ 69. Kf2 Kc5 70. Ne5 Rd2+ 71. Ke1
Rd6 72. Rh8 b5 73. Rg8 Kb4 74. Rb8 g5 75. Rf8 Nd4 76. f5 0-1

[Event "40. Open Ciudad de Sevilla 2015"]
[Site "Sevilla ESP"]
[Date "2015.01.25"]
[Round "2.12"]
[White "Barrero Garcia, Carlos"]
[Black "Vela Ignacio, Jose Manuel"]
[Result "1/2-1/2"]
[WhiteElo "2360"]
[BlackElo "1979"]
[PlyCount "93"]
[EventDate "2015.01.25"]
[EventType "swiss"]
[EventRounds "9"]
[EventCountry "ESP"]
[Source "lmi"]
[SourceDate "2015.01.25"]

1. d4 e6 2. e4 d5 3. e5 c5 4. c3 Nc6 5. Nf3 Qb6 6. Be2 Nh6 7. b3 cxd4 8. cxd4
Nf5 9. Bb2 Bb4+ 10. Kf1 a5 11. Nc3 Bd7 12. Na4 Qa7 13. g4 Nh6 14. Rg1 b5 15.
Nc3 Bxc3 16. Bxc3 b4 17. Bd2 Ng8 18. Be3 Nge7 19. Ng5 h6 20. Nh3 g5 21. Qd2 Ng6
22. Rd1 Qb6 23. f4 gxf4 24. Nxf4 Nxf4 25. Bxf4 O-O-O 26. h4 Rdg8 27. Bxh6 Qxd4
28. Qxd4 Nxd4 29. Bg5 Nxe2 30. Kxe2 Rxg5 31. hxg5 Rh2+ 32. Ke3 Rxa2 33. Ra1 Rb2
34. Rgb1 Rxb1 35. Rxb1 a4 36. bxa4 Bxa4 37. Rxb4 Bc2 38. Kd4 Kd8 39. Kc5 Ke7
40. Rb7+ Kf8 41. Kd6 Kg7 42. Kc5 Kg6 43. Kd4 Bd1 44. Ke3 Bxg4 45. Kf4 Bf5 46.
Rd7 Kg7 47. Rd8 1/2-1/2

[Event "40. Open Ciudad de Sevilla 2015"]
[Site "Sevilla ESP"]
[Date "2015.01.25"]
[Round "2.13"]
[White "Martin Rengel, Jose Maria"]
[Black "Blechzin, Igor"]
[Result "0-1"]
[WhiteElo "1970"]
[BlackElo "2357"]
[PlyCount "109"]
[EventDate "2015.01.25"]
[EventType "swiss"]
[EventRounds "9"]
[EventCountry "ESP"]
[Source "lmi"]
[SourceDate "2015.01.25"]

1. e4 c5 2. Nf3 d6 3. d4 cxd4 4. Nxd4 Nf6 5. Nc3 g6 6. Be3 Bg7 7. f3 Nc6 8. Qd2
O-O 9. Bc4 Bd7 10. Bb3 Rc8 11. h4 Nxd4 12. Bxd4 b5 13. h5 b4 14. Nd5 e6 15.
Nxf6+ Bxf6 16. hxg6 fxg6 17. Bxf6 Qxf6 18. O-O-O a5 19. Qxd6 Rf7 20. Qa6 Qg5+
21. Kb1 Rc6 22. Qb7 Be8 23. Qb8 Rf8 24. Qh2 Qe7 25. Qh4 Qxh4 26. Rxh4 g5 27.
Rhh1 Bg6 28. Rd4 Kg7 29. Rhd1 g4 30. R1d3 gxf3 31. Rxf3 Rxf3 32. gxf3 e5 33.
Rd5 Rf6 34. Rxe5 h5 35. Rxa5 h4 36. Ra7+ Kh6 37. Rd7 Rxf3 38. a4 bxa3 39. bxa3
Bxe4 40. Bd5 Bxd5 41. Rxd5 h3 42. Rd8 Kg5 43. Rh8 Kg4 44. a4 Kg3 45. Rg8+ Kf2
46. Kb2 h2 47. Rh8 Kg2 48. Rxh2+ Kxh2 49. a5 Kg3 50. c3 Rf5 51. Kb3 Rxa5 52.
Kb4 Ra1 53. c4 Kf4 54. c5 Ke5 55. Kb5 0-1

[Event "40. Open Ciudad de Sevilla 2015"]
[Site "Sevilla ESP"]
[Date "2015.01.25"]
[Round "2.15"]
[White "Herrera Ramirez, Daniel"]
[Black "Diaz Castro, Sergio"]
[Result "0-1"]
[WhiteElo "1970"]
[BlackElo "2255"]
[PlyCount "158"]
[EventDate "2015.01.25"]
[EventType "swiss"]
[EventRounds "9"]
[EventCountry "ESP"]
[Source "lmi"]
[SourceDate "2015.01.25"]

1. e4 c5 2. Nc3 a6 3. d3 Nc6 4. Be3 e6 5. f4 d5 6. Bf2 Be7 7. g3 h5 8. Bg2 Nf6
9. h3 b5 10. e5 Nd7 11. Nf3 Bb7 12. Qd2 Qc7 13. O-O O-O-O 14. d4 g5 15. dxc5
gxf4 16. gxf4 Rhg8 17. Ne2 Nxc5 18. Bxc5 Bxc5+ 19. Nfd4 Rg7 20. c3 Rdg8 21. Rf2
Ne7 22. b4 Bb6 23. Kh1 Ng6 24. Rg1 Nh4 25. Qd3 Kb8 26. Bf3 Rxg1+ 27. Nxg1 Nf5
28. Nge2 Qc4 29. Qxc4 dxc4 30. Bxb7 Kxb7 31. Rf3 Nxd4 32. cxd4 Kc6 33. f5 Kd5
34. Rf4 exf5 35. a4 c3 36. Nxc3+ Kc4 37. axb5 axb5 38. Nxb5 Kxb5 39. Rxf5 Kxb4
40. Rxf7 Bxd4 41. e6 Rg1+ 42. Kh2 Re1 43. Rf5 h4 44. Rf4 Kc5 45. Rxh4 Rxe6 46.
Kg2 Rf6 47. Rh7 Kd5 48. h4 Ke4 49. Re7+ Kf4 50. Re8 Rg6+ 51. Kf1 Kf3 52. Ke1
Be3 53. Rf8+ Bf4 54. Kf1 Ra6 55. Re8 Ra1+ 56. Re1 Ra2 57. Re8 Rh2 58. Rg8 Rh1+
59. Rg1 Rh2 60. Rg8 Rxh4 61. Rg7 Rh1+ 62. Rg1 Rh2 63. Rg8 Rh7 64. Rg6 Rh8 65.
Rg7 Rh1+ 66. Rg1 Rh2 67. Rg8 Ra2 68. Re8 Ra6 69. Re2 Rc6 70. Re1 Rc7 71. Re6
Rb7 72. Re8 Ra7 73. Re6 Ra5 74. Re1 Ra3 75. Re6 Ra2 76. Re8 Rb2 77. Re7 Rf2+
78. Kg1 Rh2 79. Re1 Rh7 0-1

[Event "40. Open Ciudad de Sevilla 2015"]
[Site "Sevilla ESP"]
[Date "2015.01.25"]
[Round "2.16"]
[White "Gavilan Diaz, Mario"]
[Black "Marquez Marvizon, Alejandra"]
[Result "1-0"]
[WhiteElo "2250"]
[BlackElo "1972"]
[PlyCount "109"]
[EventDate "2015.01.25"]
[EventType "swiss"]
[EventRounds "9"]
[EventCountry "ESP"]
[Source "lmi"]
[SourceDate "2015.01.25"]

1. c4 c6 2. e4 e5 3. Nf3 d6 4. d4 Bg4 5. dxe5 Bxf3 6. Qxf3 dxe5 7. Nc3 Nd7 8.
Be2 Qf6 9. Qh3 Bc5 10. O-O Qe7 11. Qg3 Ngf6 12. Qxg7 Rg8 13. Qh6 O-O-O 14. Qh3
Bd4 15. Bf3 Qc5 16. Ne2 Qxc4 17. Nxd4 exd4 18. e5 Nd5 19. Bd2 N5b6 20. Rfe1 Qe6
21. Qxe6 fxe6 22. Bf4 Rdf8 23. Bg3 Nc4 24. Rad1 c5 25. b4 Nb2 26. Rd2 Nc4 27.
Rd3 Rg5 28. Be4 Ndxe5 29. Rdd1 Nb2 30. f4 Rxg3 31. hxg3 Nxd1 32. Rxd1 Ng4 33.
bxc5 Rd8 34. Bxh7 Ne3 35. Rd3 Kc7 36. Be4 Nc4 37. g4 Ne3 38. g5 b6 39. cxb6+
axb6 40. Kf2 b5 41. Rb3 Rf8 42. g3 Rb8 43. Rb4 Nd1+ 44. Kf3 Nc3 45. a3 Rd8 46.
Bd3 Kc6 47. g4 Kc5 48. g6 Rg8 49. f5 exf5 50. gxf5 Kd6 51. Rxd4+ Ke5 52. Rd7
Kf6 53. Kf4 Rf8 54. Rd6+ Kg7 55. Kg5 1-0

[Event "40. Open Ciudad de Sevilla 2015"]
[Site "Sevilla ESP"]
[Date "2015.01.25"]
[Round "2.17"]
[White "Morillo-velarde Gallego, Anton"]
[Black "Lopez Gonzalez, Daniel"]
[Result "1/2-1/2"]
[WhiteElo "1960"]
[BlackElo "2238"]
[PlyCount "155"]
[EventDate "2015.01.25"]
[EventType "swiss"]
[EventRounds "9"]
[EventCountry "ESP"]
[Source "lmi"]
[SourceDate "2015.01.25"]

1. e4 c5 2. Nf3 e6 3. g3 Nc6 4. Bg2 Nf6 5. d3 d5 6. exd5 exd5 7. O-O Be7 8. Re1
O-O 9. d4 Bg4 10. c3 Qb6 11. h3 Bxf3 12. Bxf3 cxd4 13. cxd4 Bb4 14. Nc3 Nxd4
15. Bxd5 Nxd5 16. Nxd5 Qc5 17. Nxb4 Qxb4 18. Re4 Rad8 19. Rh4 Nf5 20. Rxb4
Rxd1+ 21. Kg2 Rc8 22. Rxb7 g6 23. g4 Ng7 24. b3 Ne6 25. Bb2 Rd2 26. Be5 Re2 27.
Rb8 Rxb8 28. Bxb8 a6 29. b4 f5 30. gxf5 gxf5 31. a3 Ng5 32. Rd1 Ne4 33. Ba7 Ra2
34. Rd3 Kf7 35. Kf3 Ke6 36. h4 Ra1 37. Kg2 Ra2 38. Be3 Rb2 39. h5 Ra2 40. h6
Nf6 41. Bc5 Ne4 42. Be3 Nf6 43. Kf3 Ng4 44. Rc3 Ne5+ 45. Kg2 Ng4 46. Kf3 Ne5+
47. Kg3 Kd5 48. Rc5+ Ke4 49. Ra5 Ng6 50. Bc5 f4+ 51. Kg2 Nh4+ 52. Kh3 Nf5 53.
Rxa6 Kf3 54. Rf6 Ra1 55. Kh2 Kg4 56. Ra6 Nh4 57. f3+ Nxf3+ 58. Kg2 Nh4+ 59. Kf2
Ra2+ 60. Ke1 Ng2+ 61. Kd1 Kf3 62. b5 Ne3+ 63. Bxe3 Kxe3 64. Re6+ Kd3 65. Rd6+
Ke3 66. b6 Rxa3 67. Re6+ Kd3 68. Rd6+ Ke3 69. Re6+ Kd3 70. Rd6+ Ke3 71. b7 Rb3
72. Rd7 f3 73. Kc2 Rb6 74. Re7+ Kf4 75. Rxh7 Kg5 76. Kd2 Kg6 77. Rc7 Kxh6 78.
Ke3 1/2-1/2

[Event "40. Open Ciudad de Sevilla 2015"]
[Site "Sevilla ESP"]
[Date "2015.01.25"]
[Round "2.18"]
[White "Sgnaolin, Davide"]
[Black "De Bordons Alba, Cesar"]
[Result "1/2-1/2"]
[WhiteElo "2219"]
[BlackElo "1953"]
[PlyCount "92"]
[EventDate "2015.01.25"]
[EventType "swiss"]
[EventRounds "9"]
[EventCountry "ESP"]
[Source "lmi"]
[SourceDate "2015.01.25"]

1. e4 c5 2. c3 d5 3. exd5 Qxd5 4. d4 Nf6 5. Nf3 Nc6 6. Be2 e6 7. O-O Be7 8. Na3
a6 9. Nc4 Qd8 10. Nce5 Bd7 11. Bg5 cxd4 12. cxd4 Nd5 13. Bxe7 Ncxe7 14. Ng5 O-O
15. Bd3 Nf6 16. Rc1 Bb5 17. Re1 Bxd3 18. Qxd3 h6 19. Ngf3 Ned5 20. Qb3 Rb8 21.
Rc2 Qb6 22. Qxb6 Nxb6 23. Nd3 Nbd5 24. Rec1 Ne4 25. Kf1 Nd6 26. a3 Rbc8 27. Rc5
b6 28. Rc6 Rxc6 29. Rxc6 Nb5 30. Nde5 Rd8 31. g3 Na7 32. Rc4 Rc8 33. Ke2 Rxc4
34. Nxc4 Kf8 35. Nfe5 Ke7 36. Kd3 f6 37. Nf3 Nc6 38. Nfd2 Kd7 39. Ne3 Nce7 40.
Ne4 Kc6 41. Nc3 Kd6 42. Nc4+ Kc6 43. Ne4 Nc8 44. Ne3 Nce7 45. Nc4 Nc8 46. Ne3
Nce7 1/2-1/2

[Event "40. Open Ciudad de Sevilla 2015"]
[Site "Sevilla ESP"]
[Date "2015.01.25"]
[Round "2.19"]
[White "Esquivias Quintero, Luis Manuel"]
[Black "Medina Carrasco, Santiago"]
[Result "0-1"]
[WhiteElo "1955"]
[BlackElo "2200"]
[PlyCount "62"]
[EventDate "2015.01.25"]
[EventType "swiss"]
[EventRounds "9"]
[EventCountry "ESP"]
[Source "lmi"]
[SourceDate "2015.01.25"]

1. e4 c5 2. Nc3 e6 3. Nf3 Nc6 4. d4 cxd4 5. Nxd4 a6 6. Be3 Nf6 7. Qd2 Bb4 8. f3
O-O 9. a3 Be7 10. O-O-O Qc7 11. g4 b5 12. g5 Nh5 13. Nxc6 dxc6 14. Qf2 e5 15.
Ne2 Be6 16. Qh4 g6 17. f4 b4 18. f5 bxa3 19. b3 Rad8 20. Bh3 Bc4 21. Nc3 Qa5
22. Na2 Bxb3 23. cxb3 Qb5 24. Kc2 Qe2+ 25. Bd2 Qd3+ 26. Kc1 Qxb3 27. Bc3 Qxa2
28. Rxd8 Rxd8 29. fxg6 hxg6 30. Bf1 Qb3 31. Qe1 Bxg5+ 0-1

[Event "40. Open Ciudad de Sevilla 2015"]
[Site "Sevilla ESP"]
[Date "2015.01.25"]
[Round "2.20"]
[White "Silva Lucena, Cristian"]
[Black "Cross, Dominic"]
[Result "1-0"]
[WhiteElo "2200"]
[BlackElo "1944"]
[PlyCount "87"]
[EventDate "2015.01.25"]
[EventType "swiss"]
[EventRounds "9"]
[EventCountry "ESP"]
[Source "lmi"]
[SourceDate "2015.01.25"]

1. e4 e5 2. Nf3 Nc6 3. Bc4 Bc5 4. c3 Nf6 5. d3 a6 6. O-O Ba7 7. Bg5 h6 8. Bh4
d6 9. Re1 g5 10. Bg3 Be6 11. Nbd2 Qd7 12. b4 b5 13. Bb3 O-O 14. Nf1 a5 15. a3
axb4 16. axb4 Bb6 17. Bxe6 Qxe6 18. N3d2 Rxa1 19. Qxa1 Nh5 20. Qd1 Nxg3 21.
Nxg3 Ne7 22. Qb3 Ra8 23. c4 Nc6 24. Nf5 Nd4 25. Nxd4 Bxd4 26. Nf1 bxc4 27. dxc4
Qf6 28. Qc2 Ra3 29. Ng3 Rc3 30. Qe2 Rb3 31. Rf1 Rxb4 32. Nf5 Rb2 33. Qh5 Kh7
34. g3 Bc5 35. Kg2 Qg6 36. Qf3 g4 37. Qd1 Qg5 38. Qd5 Qf6 39. Qa8 Rc2 40. Qa4
Rb2 41. Qe8 Bb6 42. Kg1 Kg6 43. Qg8+ Kh5 44. h4 1-0

[Event "40. Open Ciudad de Sevilla 2015"]
[Site "Sevilla ESP"]
[Date "2015.01.26"]
[Round "3.1"]
[White "Nuevo Perez, Antonio"]
[Black "Stopa, Jacek"]
[Result "0-1"]
[WhiteElo "2187"]
[BlackElo "2531"]
[PlyCount "53"]
[EventDate "2015.01.25"]
[EventType "swiss"]
[EventRounds "9"]
[EventCountry "ESP"]
[Source "lmi"]
[SourceDate "2015.01.25"]

1. e4 g6 2. d4 Bg7 3. f4 d5 4. e5 Bf5 5. c4 dxc4 6. Bxc4 e6 7. Nc3 Nd7 8. Nf3
Nb6 9. Bb3 Ne7 10. Be3 Bg4 11. h3 Nf5 12. hxg4 Nxe3 13. Qe2 Nxg4 14. O-O-O Qe7
15. d5 exd5 16. Nxd5 Nxd5 17. Rxd5 h5 18. e6 fxe6 19. Re1 O-O 20. Rg5 Rxf4 21.
Rxg6 Rf6 22. Bxe6+ Kh8 23. Nh4 Rxe6 24. Qxe6 Qxh4 25. Rf1 Rg8 26. Qf5 Ne3 27.
Qb5 0-1

[Event "40. Open Ciudad de Sevilla 2015"]
[Site "Sevilla ESP"]
[Date "2015.01.26"]
[Round "3.2"]
[White "Matamoros Franco, Carlos S"]
[Black "Silva Lucena, Cristian"]
[Result "1-0"]
[WhiteElo "2523"]
[BlackElo "2200"]
[PlyCount "70"]
[EventDate "2015.01.25"]
[EventType "swiss"]
[EventRounds "9"]
[EventCountry "ESP"]
[Source "lmi"]
[SourceDate "2015.01.25"]

1. c4 c5 2. Nf3 Nc6 3. Nc3 e5 4. d3 g6 5. a3 a5 6. g3 Bg7 7. Bg2 Nge7 8. Nd2 d6
9. Nf1 O-O 10. Ne3 Nd4 11. Rb1 f5 12. Ned5 f4 13. gxf4 Nef5 14. e3 Nh4 15. Be4
Ne6 16. O-O exf4 17. exf4 Bh6 18. Ne2 Ng7 19. Ng3 Bh3 20. Re1 Kh8 21. Bd2 Nhf5
22. Nxf5 gxf5 23. Bg2 Qh4 24. Bc3 Bxg2 25. Kxg2 Bxf4 26. Nxf4 Qxf4 27. Qh5 Kg8
28. Bxg7 Kxg7 29. Re7+ Kf6 30. Rbe1 Qg5+ 31. Qxg5+ Kxg5 32. Rxh7 Rab8 33. a4
Rf6 34. Kf3 f4 35. Rg7+ Kf5 1-0

[Event "40. Open Ciudad de Sevilla 2015"]
[Site "Sevilla ESP"]
[Date "2015.01.26"]
[Round "3.3"]
[White "Perez Garcia, Roberto"]
[Black "Oral, Tomas"]
[Result "1/2-1/2"]
[WhiteElo "2128"]
[BlackElo "2498"]
[PlyCount "44"]
[EventDate "2015.01.25"]
[EventType "swiss"]
[EventRounds "9"]
[EventCountry "ESP"]
[Source "lmi"]
[SourceDate "2015.01.25"]

1. d4 Nf6 2. Bg5 Ne4 3. Bf4 d5 4. e3 c5 5. Bd3 g6 6. Bxe4 dxe4 7. Nc3 Bg7 8.
Nge2 cxd4 9. exd4 Bf5 10. O-O O-O 11. d5 Nd7 12. Ng3 Nb6 13. Nxf5 gxf5 14. Qh5
Nxd5 15. Qxf5 Nxc3 16. bxc3 e5 17. Be3 Qd5 18. f3 exf3 19. Rxf3 Rad8 20. Rh3 h6
21. Bxh6 Rd6 22. Bxg7 Rg6 1/2-1/2

[Event "40. Open Ciudad de Sevilla 2015"]
[Site "Sevilla ESP"]
[Date "2015.01.26"]
[Round "3.4"]
[White "Fernandez Romero, Ernesto"]
[Black "Rodriguez Perez, Angel Mariano"]
[Result "1-0"]
[WhiteElo "2483"]
[BlackElo "2171"]
[PlyCount "73"]
[EventDate "2015.01.25"]
[EventType "swiss"]
[EventRounds "9"]
[EventCountry "ESP"]
[Source "lmi"]
[SourceDate "2015.01.25"]

1. d4 g6 2. c4 Bg7 3. Nc3 Nf6 4. e4 d6 5. Be2 O-O 6. Be3 e5 7. d5 Nbd7 8. g4
Nc5 9. Bf3 a5 10. g5 Ne8 11. h4 f5 12. Qe2 fxe4 13. Nxe4 Nxe4 14. Bxe4 Bf5 15.
f3 Bxe4 16. fxe4 c6 17. O-O-O cxd5 18. cxd5 Qd7 19. Kb1 Rc8 20. Nh3 Nc7 21. Nf2
Nb5 22. h5 a4 23. a3 Rc3 24. hxg6 hxg6 25. Ng4 Nxa3+ 26. bxa3 Rfc8 27. Rd2 R8c4
28. Nf6+ Bxf6 29. gxf6 Rxe4 30. f7+ Qxf7 31. Qh2 Qg7 32. Bh6 Qf7 33. Bg5 Qg7
34. Rf2 Rxa3 35. Rb2 Rb3 36. Ka2 Reb4 37. Rc2 1-0

[Event "40. Open Ciudad de Sevilla 2015"]
[Site "Sevilla ESP"]
[Date "2015.01.26"]
[Round "3.5"]
[White "Aranaz Portugues, Jose Carlos"]
[Black "Lalic, Bogdan"]
[Result "1/2-1/2"]
[WhiteElo "2106"]
[BlackElo "2482"]
[PlyCount "79"]
[EventDate "2015.01.25"]
[EventType "swiss"]
[EventRounds "9"]
[EventCountry "ESP"]
[Source "lmi"]
[SourceDate "2015.01.25"]

1. d4 Nf6 2. Bg5 c5 3. d5 Ne4 4. Bf4 Qb6 5. Nd2 Nxd2 6. Bxd2 Qxb2 7. e4 e5 8.
Nf3 Qb6 9. Nxe5 d6 10. Rb1 Qc7 11. Bb5+ Nd7 12. Nxd7 Bxd7 13. O-O Bxb5 14. Rxb5
Be7 15. Bc3 O-O 16. Qg4 g6 17. Qf4 b6 18. Rbb1 f5 19. e5 dxe5 20. Bxe5 Qd7 21.
Rfe1 Qxd5 22. Rbd1 Qc6 23. Qc4+ Rf7 24. Ba1 b5 25. Re6 Qxg2+ 26. Kxg2 bxc4 27.
Rd7 Bf8 28. Rxf7 Kxf7 29. Ra6 Bg7 30. Bxg7 Kxg7 31. Rc6 Rb8 32. Rxc5 Rb2 33. a4
Rxc2 34. Rc7+ Kh6 35. Rxa7 c3 36. Rc7 Ra2 37. Rxc3 Rxa4 38. h3 Kg5 39. Rg3+ Kf6
40. Rb3 1/2-1/2

[Event "40. Open Ciudad de Sevilla 2015"]
[Site "Sevilla ESP"]
[Date "2015.01.26"]
[Round "3.6"]
[White "Perez Mitjans, Orelvis"]
[Black "Leite, Catarina"]
[Result "1-0"]
[WhiteElo "2463"]
[BlackElo "2136"]
[PlyCount "141"]
[EventDate "2015.01.25"]
[EventType "swiss"]
[EventRounds "9"]
[EventCountry "ESP"]
[Source "lmi"]
[SourceDate "2015.01.25"]

1. e4 e5 2. Nf3 Nf6 3. Nc3 Nc6 4. g3 Bc5 5. Bg2 d6 6. d3 a6 7. O-O Bg4 8. h3
Be6 9. Kh2 O-O 10. Be3 Bxe3 11. fxe3 Ne7 12. d4 Ng6 13. a4 a5 14. Nd2 d5 15.
Nxd5 Nxd5 16. exd5 Bxd5 17. e4 Be6 18. d5 Bd7 19. c4 Qe7 20. Qb3 Qd6 21. Qa3 c5
22. Rf2 Ne7 23. Re1 Nc8 24. b3 Ra6 25. Nf3 Qc7 26. Qb2 Rf6 27. Kg1 Re8 28. Qc3
b6 29. Ref1 Qd6 30. Qb2 Qe7 31. Qd2 Nd6 32. Qe3 Rf8 33. Re1 Re8 34. Rfe2 h6 35.
Kh2 Kf8 36. Rf2 Kg8 37. Rg1 Bc8 38. Bf1 Kf8 39. Bd3 Qd7 40. g4 Rf4 41. Rg3 g5
42. Ng1 Qe7 43. Ne2 f6 44. Rgg2 Rxf2 45. Rxf2 Kg7 46. Ng3 Rf8 47. Nh5+ Kg6 48.
Rf3 Bd7 49. Qf2 Rf7 50. Kg1 Ne8 51. Be2 Ng7 52. Ng3 Kh7 53. Kf1 Kg6 54. Ke1 Kh7
55. Qh2 Ne8 56. Rf2 Kg8 57. h4 Ng7 58. Qh1 Ne8 59. Rh2 Kg7 60. Rf2 Kg6 61. Qh3
Ng7 62. Rh2 Kh7 63. Kd2 Rf8 64. Kc2 Qd6 65. Nf1 Ne8 66. Nd2 Rg8 67. hxg5 fxg5
68. Nf3 Bc8 69. Nxe5 Nc7 70. Nf7 Qg6 71. Nxh6 1-0

[Event "40. Open Ciudad de Sevilla 2015"]
[Site "Sevilla ESP"]
[Date "2015.01.26"]
[Round "3.7"]
[White "Morales Araujo, Francisco Javi"]
[Black "Galego, Luis"]
[Result "0-1"]
[WhiteElo "2031"]
[BlackElo "2461"]
[PlyCount "64"]
[EventDate "2015.01.25"]
[EventType "swiss"]
[EventRounds "9"]
[EventCountry "ESP"]
[Source "lmi"]
[SourceDate "2015.01.25"]

1. f4 d5 2. Nf3 c5 3. g3 Nc6 4. Bg2 g6 5. c3 Bg7 6. d3 Nf6 7. O-O O-O 8. Na3 a6
9. Kh1 Qd6 10. Qe1 Bg4 11. e4 Bxf3 12. Bxf3 dxe4 13. dxe4 e5 14. Be3 Rfe8 15.
Rd1 Qe6 16. f5 Qxa2 17. Bxc5 Rad8 18. fxg6 hxg6 19. Qe2 b5 20. Bg2 Rxd1 21.
Rxd1 Rd8 22. Rxd8+ Nxd8 23. h3 Ne6 24. Be3 Bf8 25. Nxb5 axb5 26. Qxb5 Qb1+ 27.
Kh2 Qe1 28. Qxe5 Ng4+ 29. hxg4 Qxe3 30. b4 Qd3 31. b5 Bd6 32. Qd4 Qxg3+ 0-1

[Event "40. Open Ciudad de Sevilla 2015"]
[Site "Sevilla ESP"]
[Date "2015.01.26"]
[Round "3.8"]
[White "Krysa, Leandro"]
[Black "Delgado Serrano, Angel"]
[Result "1-0"]
[WhiteElo "2457"]
[BlackElo "2119"]
[PlyCount "51"]
[EventDate "2015.01.25"]
[EventType "swiss"]
[EventRounds "9"]
[EventCountry "ESP"]
[Source "lmi"]
[SourceDate "2015.01.25"]

1. d4 Nf6 2. c4 e6 3. Nc3 d5 4. cxd5 exd5 5. Bg5 Nbd7 6. e3 c6 7. Bd3 Be7 8.
Qc2 O-O 9. Nge2 Re8 10. O-O Nf8 11. f3 Be6 12. Rad1 Rc8 13. Kh1 N6d7 14. Bxe7
Rxe7 15. Nf4 Nb6 16. Nxe6 fxe6 17. e4 Rcc7 18. e5 a6 19. f4 g6 20. g4 Rg7 21.
b4 Nc8 22. Qf2 Rcf7 23. Ne2 h5 24. gxh5 gxh5 25. Ng3 Qh4 26. Nf5 1-0

[Event "40. Open Ciudad de Sevilla 2015"]
[Site "Sevilla ESP"]
[Date "2015.01.26"]
[Round "3.9"]
[White "Messina, Roberta"]
[Black "Campora Sivori, Daniel"]
[Result "0-1"]
[WhiteElo "2028"]
[BlackElo "2456"]
[PlyCount "76"]
[EventDate "2015.01.25"]
[EventType "swiss"]
[EventRounds "9"]
[EventCountry "ESP"]
[Source "lmi"]
[SourceDate "2015.01.25"]

1. Nf3 d5 2. d4 Nf6 3. c4 dxc4 4. Qc2 e6 5. e4 c5 6. Be3 Nc6 7. dxc5 Ng4 8. Bg5
Qa5+ 9. Qd2 Bxc5 10. Qxa5 Nxa5 11. Bh4 Bd7 12. Nbd2 Rc8 13. h3 Nf6 14. Ne5 Bb4
15. Bxf6 gxf6 16. Nxd7 Kxd7 17. O-O-O Ke7 18. Nb1 b5 19. Nc3 a6 20. Be2 Bc5 21.
Rhf1 Nc6 22. f4 b4 23. Na4 Be3+ 24. Kb1 Nd4 25. Nb6 c3 26. Nxc8+ Rxc8 27. Bd3
c2+ 28. Bxc2 Nxc2 29. Rd3 Rc7 30. g3 e5 31. Rd5 exf4 32. gxf4 b3 33. a3 Bc5 34.
Rd3 Rb7 35. Rfd1 a5 36. Rd5 Ne3 37. Rxc5 Nxd1 38. Kc1 Nf2 0-1